000 00380nam a2200169Ia 4500
008 131103s9999 xx 000 0 und d
020 _a340185619
040 _aLoreto College
041 _aEnglish
082 _aREF
_bLCBED/8297
245 _aLeah
260 _aLondon
_bHodder
_c1974
300 _a94p.
_b pic.
_c 18cm.
650 _aREF
850 _aLCBED/REF
942 _cBK
999 _c34196
_d84675